[Event "Rated Blitz game"]
[Site "?"]
[Date "2021.04.20"]
[Round "?"]
[White "Abdabdabd"]
[Black "Attacke2021"]
[Result "0-1"]
[WhiteElo "2296"]
[BlackElo "2483"]
[PlyCount "48"]
[EventDate "2021.??.??"]
[EventType "blitz"]
[TimeControl "180"]

1. Nc3 Nf6 2. e4 e5 3. Nf3 Nc6 4. Nxe5 Nxe5 5. d4 Ng6 6. e5 Ng8 7. Bc4 d5 8.
Bxd5 c6 9. Bb3 Be6 10. Bxe6 fxe6 11. O-O N8e7 12. Ne4 Nf5 13. c3 Be7 14. Qh5
Qd5 15. f3 O-O-O 16. Bg5 Kb8 17. Bxe7 Ngxe7 18. Rfe1 Nc8 19. g4 Nfe7 20. Rad1
h6 21. b3 Rhf8 22. Kg2 Qa5 23. Rd2 Nd5 24. Rc1 Nf4+ {Normal} 0-1

[Event "Rated Blitz tournament trNPlvO4"]
[Site "?"]
[Date "2021.04.20"]
[Round "?"]
[White "Zuykovav"]
[Black "Chessmaste"]
[Result "1-0"]
[WhiteElo "2548"]
[BlackElo "2341"]
[PlyCount "43"]
[EventDate "2021.??.??"]
[EventType "blitz"]
[TimeControl "180"]

1. e4 e5 2. Nf3 Nc6 3. Nc3 Nf6 4. Nxe5 Nxe5 5. d4 Nc6 6. d5 Ne5 7. f4 Ng6 8. e5
Bc5 9. exf6 O-O 10. fxg7 Re8+ 11. Be2 Qh4+ 12. g3 Qh3 13. Qd3 Qg2 14. Rf1 d6
15. f5 Ne5 16. Qe4 Qxh2 17. Bf4 Bd7 18. O-O-O Ng4 19. Bxg4 Rxe4 20. Nxe4 Kxg7
21. f6+ Kg8 22. Bxd7 {Normal} 1-0

[Event "Rated Blitz game"]
[Site "?"]
[Date "2021.04.19"]
[Round "?"]
[White "lavilaine"]
[Black "lemarzio"]
[Result "1-0"]
[WhiteElo "2383"]
[BlackElo "2479"]
[PlyCount "83"]
[EventDate "2021.??.??"]
[EventType "blitz"]
[TimeControl "180"]

1. e4 e5 2. Nf3 Nc6 3. Nc3 Nf6 4. Nxe5 Nxe5 5. d4 Ng6 6. e5 Bb4 7. exf6 Qxf6 8.
Be3 O-O 9. Bc4 Qc6 10. Qd3 Qxg2 11. O-O-O Bxc3 12. Qxc3 d5 13. Rhg1 Qxh2 14.
Bxd5 c6 15. Bb3 Be6 16. Bxe6 fxe6 17. Qb3 Qd6 18. Qxb7 Rab8 19. Qxa7 Ra8 20.
Qc5 Qxc5 21. dxc5 Rxa2 22. c3 Rb8 23. b4 Rba8 24. Kb1 Ne5 25. Rd8+ Rxd8 26.
Kxa2 g6 27. Kb3 Kf7 28. Ra1 h5 29. Ra7+ Rd7 30. Rxd7+ Nxd7 31. c4 Kf6 32. b5
Nb8 33. Bf4 e5 34. Bh2 g5 35. Ka4 Ke6 36. Ka5 Nd7 37. bxc6 Nxc5 38. Kb6 Ne4 39.
c7 Nd6 40. c5 Nc8+ 41. Kb7 Kd7 42. c6+ {Normal} 1-0

[Event "Rated Blitz game"]
[Site "?"]
[Date "2021.04.19"]
[Round "?"]
[White "juan-carlos"]
[Black "larduet"]
[Result "1-0"]
[WhiteElo "2291"]
[BlackElo "2400"]
[PlyCount "105"]
[EventDate "2021.??.??"]
[EventType "blitz"]
[TimeControl "180"]

1. e4 e5 2. Nf3 Nf6 3. Nc3 Nc6 4. Nxe5 Nxe5 5. d4 Ng6 6. e5 Ng8 7. Bc4 Bb4 8.
Qf3 Qe7 9. O-O Bxc3 10. bxc3 Nh6 11. a4 O-O 12. Ba3 Qh4 13. Rfe1 d5 14. Bxd5
Bg4 15. Qg3 Qxg3 16. hxg3 c6 17. Bxf8 cxd5 18. Ba3 Rc8 19. Bb2 Be6 20. f3 Nf5
21. Kf2 Nfe7 22. g4 Nc6 23. g3 Na5 24. Reb1 b6 25. g5 Bf5 26. Rc1 Nc4 27. Ba3
Nxa3 28. Rxa3 h6 29. gxh6 gxh6 30. g4 Be6 31. Kg3 h5 32. gxh5 Ne7 33. f4 Kh7
34. Kf2 Nf5 35. Rg1 Rc4 36. a5 b5 37. a6 b4 38. cxb4 Rxc2+ 39. Ke1 Nxd4 40. Re3
Bf5 41. Rg5 Be4 42. f5 Nf3+ 43. Kd1 Nxg5 44. Rxe4 Nxe4 45. Kxc2 Kh6 46. Kd3
Kxh5 47. Kd4 Kg5 48. e6 fxe6 49. fxe6 Kf6 50. Kxd5 Nc3+ 51. Kc4 Na4 52. Kd5
Nb6+ 53. Kd6 {Time forfeit} 1-0

[Event "Rated Blitz game"]
[Site "?"]
[Date "2021.04.18"]
[Round "?"]
[White "RalphSheldon"]
[Black "EJTubog"]
[Result "0-1"]
[WhiteElo "2405"]
[BlackElo "2331"]
[PlyCount "42"]
[EventDate "2021.??.??"]
[EventType "blitz"]
[TimeControl "180+2"]

1. e4 Nf6 2. Nc3 e5 3. Nf3 Nc6 4. Nxe5 Nxe5 5. d4 Nc6 6. e5 Ng8 7. Bc4 d6 8.
Qf3 Qd7 9. O-O Nxd4 10. Qe4 Ne6 11. f4 dxe5 12. Rd1 Bc5+ 13. Kh1 Qe7 14. Nd5
Nf6 15. Nxf6+ Qxf6 16. fxe5 Qg6 17. Bb5+ Ke7 18. Qc4 c6 19. Ba4 b5 20. Bxb5
cxb5 21. Qxb5 Rd8 {Time forfeit} 0-1

[Event "Rated Blitz tournament NTLVHzWg"]
[Site "?"]
[Date "2021.04.18"]
[Round "?"]
[White "Pepeoutai"]
[Black "teglon"]
[Result "0-1"]
[WhiteElo "2413"]
[BlackElo "2546"]
[PlyCount "30"]
[EventDate "2021.??.??"]
[EventType "blitz"]
[TimeControl "180"]

1. e4 e5 2. Nf3 Nc6 3. Nc3 Nf6 4. Nxe5 Nxe5 5. d4 Nc6 6. d5 Nb4 7. e5 Nfxd5 8.
Nxd5 Nxd5 9. Qxd5 Be7 10. Bd3 O-O 11. O-O d6 12. Qe4 g6 13. Bh6 Re8 14. exd6
Bxd6 15. Qf3 Qh4 {Normal} 0-1

[Event "Rated Blitz game"]
[Site "?"]
[Date "2021.04.18"]
[Round "?"]
[White "Aref2233"]
[Black "enesbeydiyeceksin"]
[Result "1-0"]
[WhiteElo "2324"]
[BlackElo "2417"]
[PlyCount "51"]
[EventDate "2021.??.??"]
[EventType "blitz"]
[TimeControl "180+2"]

1. e4 e5 2. Nf3 Nc6 3. Nc3 Nf6 4. Nxe5 Nxe5 5. d4 Ng6 6. e5 Ng8 7. Bc4 d5 8.
Bxd5 c6 9. Bb3 Bb4 10. O-O N8e7 11. Ne4 O-O 12. c3 Ba5 13. f4 Bf5 14. Nd6 Qd7
15. Nxf5 Qxf5 16. g4 Qd7 17. f5 Nh4 18. Bg5 Nhxf5 19. gxf5 Nxf5 20. Qg4 g6 21.
Bh6 Rfd8 22. Rxf5 Qxf5 23. Qxf5 gxf5 24. Kf2 Kh8 25. Bxf7 Rd7 26. e6 {Normal}
1-0

[Event "Rated Blitz tournament qNOAOaEw"]
[Site "?"]
[Date "2021.04.18"]
[Round "?"]
[White "BorobudurBKD"]
[Black "om_gendut"]
[Result "0-1"]
[WhiteElo "2542"]
[BlackElo "2423"]
[PlyCount "98"]
[EventDate "2021.??.??"]
[EventType "blitz"]
[TimeControl "180"]

1. e4 e5 2. Nc3 Nf6 3. Nf3 Nc6 4. Nxe5 Nxe5 5. d4 Ng6 6. e5 Ng8 7. Bc4 d6 8.
Qf3 Be6 9. Bxe6 fxe6 10. Qxb7 Rb8 11. Qxa7 dxe5 12. dxe5 Bb4 13. O-O Bxc3 14.
bxc3 N8e7 15. Qa6 Qc8 16. Qa4+ c6 17. Ba3 O-O 18. Bd6 Ra8 19. Qe4 Re8 20. c4
Nf5 21. c5 Nfe7 22. a4 Qa6 23. c4 Rec8 24. h4 Qa7 25. h5 Nf8 26. h6 gxh6 27.
Ra3 Nfg6 28. Rb1 Nf5 29. a5 Qf7 30. a6 Ra7 31. Rb8 Qd7 32. Qb1 Rxb8 33. Bxb8
Kg7 34. Bxa7 Qxa7 35. Qb7+ Qxb7 36. axb7 Nxe5 37. b8=Q Nf7 38. Qh8+ Kxh8 39.
Ra8+ Kg7 40. Rg8+ Kxg8 41. g4 Nh4 42. f4 Ng6 43. Kg2 Nxf4+ 44. Kf3 Nd3 45. Ke3
Nxc5 46. Kd4 Nd7 47. c5 Nxc5 48. Ke3 Kg7 49. Kf2 Kg6 {Normal} 0-1

[Event "Rated Blitz tournament DW6fkTHy"]
[Site "?"]
[Date "2021.04.17"]
[Round "?"]
[White "Starinov"]
[Black "alexslep"]
[Result "0-1"]
[WhiteElo "2410"]
[BlackElo "2257"]
[PlyCount "90"]
[EventDate "2021.??.??"]
[EventType "blitz"]
[TimeControl "180"]

1. e4 e5 2. Nf3 Nc6 3. Nc3 Nf6 4. Nxe5 Nxe5 5. d4 Ng6 6. e5 Ng8 7. Bc4 Bb4 8.
Qf3 Qe7 9. O-O Bxc3 10. bxc3 Nh6 11. Bxh6 gxh6 12. Qe3 d6 13. f4 dxe5 14. fxe5
O-O 15. Qxh6 Be6 16. Bd3 Qh4 17. Qe3 Rad8 18. Rf6 c5 19. dxc5 Rd5 20. Bxg6 hxg6
21. Raf1 Rc8 22. c6 Rxc6 23. Qxa7 Rxc3 24. Qb8+ Kg7 25. Rxe6 Qd4+ 26. Kh1 Rxc2
27. Ref6 Rd7 28. e6 Qxf6 29. Re1 Qxe6 30. Rf1 Rdd2 31. Rg1 Rxg2 32. Qf4 Rxg1+
33. Kxg1 Qe1+ 34. Qf1 Qxf1+ 35. Kxf1 Rxh2 36. a4 Ra2 37. Ke1 Rxa4 38. Kd2 Rc4
39. Kd3 Rc6 40. Kd4 g5 41. Kd5 Re6 42. Kd4 g4 43. Kd5 g3 44. Kd4 g2 45. Kd5
g1=Q {Normal} 0-1

[Event "Rated Rapid game"]
[Site "?"]
[Date "2021.04.17"]
[Round "?"]
[White "Bcsillo"]
[Black "marmayogi"]
[Result "1-0"]
[WhiteElo "2573"]
[BlackElo "2478"]
[PlyCount "71"]
[EventDate "2021.??.??"]
[EventType "rapid"]
[TimeControl "600"]

1. e4 e5 2. Nf3 Nc6 3. Nc3 Nf6 4. Nxe5 Nxe5 5. d4 Ng6 6. e5 Ng8 7. Bc4 d5 8.
Bxd5 c6 9. Bb3 Bb4 10. O-O Bxc3 11. bxc3 Be6 12. f4 Qd7 13. a4 N8e7 14. c4 Rd8
15. c3 O-O 16. Ba3 Rfe8 17. Qf3 Bg4 18. Qg3 Be6 19. Rf2 Nf5 20. Qf3 Nfh4 21.
Qe4 Bf5 22. Qe3 Be6 23. Qe4 Bf5 24. Qe3 f6 25. g3 Bh3 26. gxh4 Qg4+ 27. Qg3
Qxh4 28. f5 Qxg3+ 29. hxg3 Nxe5 30. dxe5 Rxe5 31. c5+ Kh8 32. Be6 Rd3 33. Kh2
Bg4 34. Raa2 Rd1 35. Rad2 Bf3 36. Rxd1 {Normal} 1-0

[Event "Rated Blitz tournament 1jXrbhSu"]
[Site "?"]
[Date "2021.04.17"]
[Round "?"]
[White "sim13a"]
[Black "Zhigalko_Andrey"]
[Result "1/2-1/2"]
[WhiteElo "2351"]
[BlackElo "2646"]
[PlyCount "71"]
[EventDate "2021.??.??"]
[EventType "blitz"]
[TimeControl "180+2"]

1. e4 e5 2. Nf3 Nc6 3. Nc3 Nf6 4. Nxe5 Nxe5 5. d4 Nc6 6. d5 Bb4 7. dxc6 bxc6 8.
Bd3 O-O 9. O-O Re8 10. Bg5 h6 11. Bh4 g5 12. Bg3 Bxc3 13. bxc3 Nxe4 14. Qf3 d5
15. Rfe1 Nxg3 16. fxg3 Rxe1+ 17. Rxe1 Be6 18. Qh5 Qf6 19. Rf1 Qg7 20. h4 Re8
21. Kh2 gxh4 22. Qxh4 c5 23. Rf6 c4 24. Be2 Qg5 25. Qd4 c5 26. Qf2 Kg7 27. Rf4
Rc8 28. Bf3 Qe5 29. Qd2 Rd8 30. Rh4 Qg5 31. Qf2 Rc8 32. Rf4 Qe5 33. Qd2 Rh8 34.
Rh4 Qg5 35. Qf2 Rc8 36. Rf4 {Normal} 1/2-1/2

[Event "Rated Blitz tournament 2Vo9xrql"]
[Site "?"]
[Date "2021.04.17"]
[Round "?"]
[White "Crazyrazor"]
[Black "ChrisJunker"]
[Result "1-0"]
[WhiteElo "2446"]
[BlackElo "2258"]
[PlyCount "139"]
[EventDate "2021.??.??"]
[EventType "blitz"]
[TimeControl "180"]

1. e4 e5 2. Nf3 Nf6 3. Nc3 Nc6 4. Nxe5 Nxe5 5. d4 Nc6 6. e5 Bb4 7. exf6 Qxf6 8.
Be3 d5 9. Be2 Be6 10. a3 Bxc3+ 11. bxc3 O-O 12. O-O Bf5 13. Bd3 Rfe8 14. Rb1 b6
15. Qf3 Bxd3 16. Qxf6 gxf6 17. cxd3 Ne7 18. g4 Kg7 19. Kg2 c6 20. a4 f5 21. h3
Kf6 22. a5 b5 23. Bf4 fxg4 24. hxg4 Ng6 25. Bg3 Re2 26. c4 dxc4 27. dxc4 bxc4
28. Rfc1 Ra2 29. Rxc4 Rxa5 30. Rxc6+ Kg7 31. Rb7 Re8 32. Rcc7 Rf8 33. Rxa7 Rxa7
34. Rxa7 Rd8 35. Be5+ Nxe5 36. dxe5 Kg6 37. Ra6+ Kg5 38. Kg3 Rd3+ 39. f3 Re3
40. Rb6 h5 41. gxh5 Kxh5 42. Kf4 Rc3 43. Rf6 Rc7 44. Kf5 Ra7 45. f4 Rb7 46. Rc6
Ra7 47. Kf6 Kh6 48. f5 Kh7 49. Rc2 Ra6+ 50. e6 fxe6 51. fxe6 Kg8 52. Rc8+ Kh7
53. Kf7 Ra2 54. e7 Rf2+ 55. Ke8 Kg7 56. Rc6 Re2 57. Rd6 Re1 58. Rd2 Kf6 59.
Rf2+ Kg7 60. Rd2 Ra1 61. Kd7 Ra7+ 62. Kd8 Ra8+ 63. Kd7 Ra7+ 64. Ke6 Ra6+ 65.
Rd6 Ra2 66. e8=Q Re2+ 67. Kd7 Re7+ 68. Qxe7+ Kg8 69. Rf6 Kh8 70. Rf8# {Normal}
1-0

[Event "Rated Blitz tournament 4UWbkv6t"]
[Site "?"]
[Date "2021.04.16"]
[Round "?"]
[White "JakeShneiper"]
[Black "Lucky_Tschig"]
[Result "1/2-1/2"]
[WhiteElo "2229"]
[BlackElo "2615"]
[PlyCount "96"]
[EventDate "2021.??.??"]
[EventType "blitz"]
[TimeControl "180"]

1. e4 e5 2. Nf3 Nc6 3. Nc3 Nf6 4. Nxe5 Nxe5 5. d4 Ng6 6. e5 Bb4 7. exf6 Qxf6 8.
Bc4 O-O 9. O-O c6 10. Ne4 Qd8 11. Bg5 Be7 12. Bxe7 Qxe7 13. Bd3 d5 14. Ng3 Qh4
15. c3 Bg4 16. Qd2 Rae8 17. Rae1 Qf6 18. h3 Bd7 19. Nh5 Qd6 20. Qg5 f6 21. Qd2
Rxe1 22. Rxe1 Re8 23. Ng3 Rxe1+ 24. Qxe1 Nf4 25. Qe3 g6 26. Ne2 Nxd3 27. Qxd3
Kg7 28. Qe3 Qe6 29. Qf3 Be8 30. Kh2 Qe7 31. h4 h6 32. h5 g5 33. Ng3 Bd7 34.
Nf5+ Bxf5 35. Qxf5 Qc7+ 36. g3 Qf7 37. g4 Qe8 38. Kh3 Qf7 39. Qc8 Qe7 40. Qf5
Qf7 41. Qc8 Qe7 42. Qf5 Qe8 43. f3 a6 44. Kg3 Qf7 45. Qc8 Qe7 46. Qf5 Qf7 47.
Qc8 Qe7 48. Qf5 Qf7 {Normal} 1/2-1/2

[Event "Rated Blitz game"]
[Site "?"]
[Date "2021.04.16"]
[Round "?"]
[White "RalphSheldon"]
[Black "DEliaGS"]
[Result "1-0"]
[WhiteElo "2454"]
[BlackElo "2279"]
[PlyCount "51"]
[EventDate "2021.??.??"]
[EventType "blitz"]
[TimeControl "180+2"]

1. e4 Nf6 2. Nc3 e5 3. Nf3 Nc6 4. Nxe5 Nxe5 5. d4 Ng6 6. e5 Ng8 7. Bc4 d6 8.
Qf3 Qd7 9. O-O dxe5 10. dxe5 Bc5 11. Rd1 Nxe5 12. Re1 f6 13. Qh5+ g6 14. Qh4
Be7 15. Nd5 Qc6 16. Bb5 Qxb5 17. Nxc7+ Kf7 18. Nxb5 Bf5 19. Rxe5 fxe5 20. Qc4+
Be6 21. Qc7 Rc8 22. Nd6+ Kf6 23. Nxc8 Nh6 24. Qxe7+ Kf5 25. g4+ Nxg4 26. Nd6# {
Normal} 1-0

[Event "Rated Blitz tournament T8H75K98"]
[Site "?"]
[Date "2021.04.16"]
[Round "?"]
[White "Crazyrazor"]
[Black "Moskvin_Tolik"]
[Result "1/2-1/2"]
[WhiteElo "2437"]
[BlackElo "2431"]
[PlyCount "81"]
[EventDate "2021.??.??"]
[EventType "blitz"]
[TimeControl "180"]

1. e4 e5 2. Nf3 Nc6 3. Nc3 Nf6 4. Nxe5 Nxe5 5. d4 Ng6 6. e5 Bb4 7. exf6 Qxf6 8.
Be2 d5 9. O-O c6 10. Bg4 O-O 11. Bxc8 Raxc8 12. Be3 Bd6 13. Qg4 Ne7 14. Qg5
Qxg5 15. Bxg5 Nf5 16. Rad1 Rfe8 17. Rd3 f6 18. Bd2 Rc7 19. Re1 Rce7 20. Rxe7
Rxe7 21. Kf1 h5 22. h3 b5 23. Nd1 Kf7 24. Ne3 Nxe3+ 25. Bxe3 f5 26. Bg5 Re6 27.
h4 g6 28. g3 Ke8 29. f3 Kd7 30. Kf2 a5 31. Bd2 a4 32. b3 axb3 33. cxb3 Bc7 34.
a4 bxa4 35. bxa4 Re8 36. a5 Ra8 37. Ra3 Ra6 38. Bb4 Bd8 39. Ke3 Bc7 40. Kf2 Bd8
41. Kg2 {Normal} 1/2-1/2

[Event "Rated Blitz game"]
[Site "?"]
[Date "2021.04.16"]
[Round "?"]
[White "laNoviadeChucky"]
[Black "Sinscher"]
[Result "0-1"]
[WhiteElo "2358"]
[BlackElo "2458"]
[PlyCount "52"]
[EventDate "2021.??.??"]
[EventType "blitz"]
[TimeControl "180+2"]

1. e4 e5 2. Nf3 Nc6 3. Nc3 Nf6 4. Nxe5 Nxe5 5. d4 Nc6 6. d5 Bb4 7. dxc6 bxc6 8.
Bd3 d5 9. exd5 O-O 10. O-O cxd5 11. Bg5 c6 12. Qf3 h6 13. Bxf6 Qxf6 14. Qxf6
gxf6 15. Ne2 Re8 16. c3 Bd6 17. Nd4 Bd7 18. Bf5 Be6 19. Rfe1 Bxf5 20. Nxf5 Bf8
21. Re3 Rxe3 22. fxe3 Re8 23. Kf2 Re5 24. g4 h5 25. h3 hxg4 26. hxg4 a5 {
Time forfeit} 0-1

[Event "Rated Blitz game"]
[Site "?"]
[Date "2021.04.16"]
[Round "?"]
[White "brunosten"]
[Black "Babnik"]
[Result "1-0"]
[WhiteElo "2453"]
[BlackElo "2477"]
[PlyCount "103"]
[EventDate "2021.??.??"]
[EventType "blitz"]
[TimeControl "180"]

1. e4 e5 2. Nf3 Nc6 3. Nc3 Nf6 4. Nxe5 Nxe5 5. d4 Ng6 6. e5 Bb4 7. exf6 Qxf6 8.
Be2 d5 9. O-O c6 10. Nb1 O-O 11. c3 Bd6 12. g3 Bh3 13. Re1 Rae8 14. Be3 Nf4 15.
Bf3 Qg6 16. Bxf4 Bxf4 17. Nd2 h5 18. Rxe8 Rxe8 19. Bxh5 Qg5 20. Nf1 g6 21. Bf3
Kg7 22. Qd3 Rh8 23. Re1 Bd6 24. Bg2 Bxg2 25. Kxg2 Qh5 26. Qf3 Qh3+ 27. Kg1 a5
28. b3 a4 29. c4 dxc4 30. bxc4 Rd8 31. Ne3 Bb4 32. Rd1 Bc3 33. Ng4 Ba5 34. Qf6+
Kg8 35. Ne5 Qf5 36. Qxf5 gxf5 37. f4 f6 38. Nf3 b5 39. cxb5 cxb5 40. Nh4 Rd5
41. Kf2 Bc3 42. Ke3 b4 43. Rd3 a3 44. Nf3 Kf7 45. h4 Kg6 46. Nd2 Kh5 47. Nb1
Be1 48. Kf3 Kg6 49. Nd2 Kh5 50. Ke2 Bxd2 51. Kxd2 Kg4 52. Kc2 {Time forfeit}
1-0

[Event "Rated Blitz game"]
[Site "?"]
[Date "2021.04.15"]
[Round "?"]
[White "xenta_absenta"]
[Black "MONSKY123"]
[Result "1-0"]
[WhiteElo "2538"]
[BlackElo "2425"]
[PlyCount "131"]
[EventDate "2021.??.??"]
[EventType "blitz"]
[TimeControl "180"]

1. e4 e5 2. Nf3 Nc6 3. Nc3 Nf6 4. Nxe5 Nxe5 5. d4 Ng6 6. e5 Ng8 7. Bc4 b5 8.
Bb3 Bb7 9. O-O b4 10. f4 bxc3 11. f5 N6e7 12. Bxf7+ Kxf7 13. Qh5+ g6 14. fxg6+
Ke6 15. Qg4+ Kd5 16. Qf3+ Kc4 17. Qxb7 Qb8 18. b3+ Kxd4 19. Be3+ Kxe5 20. Bf4+
Ke6 21. Rae1+ Kf6 22. Bxc7+ Kxg6 23. Bxb8 Rxb8 24. Qxb8 Nf6 25. Qg3+ Kf7 26.
Qxc3 Ned5 27. Qc4 Kg7 28. Re5 Ne7 29. Rg5+ Ng6 30. Qd4 Be7 31. Rgf5 Rf8 32. h4
h5 33. Rxh5 d5 34. Rxd5 Rf7 35. h5 Nf8 36. Rg5+ Kh8 37. Qc4 Rh7 38. Rgf5 Kg7
39. Qc3 N8d7 40. Qg3+ Kf8 41. Rg5 Ke8 42. Rg8+ Nxg8 43. Qxg8+ Nf8 44. Rxf8+
Bxf8 45. Qxh7 Bc5+ 46. Kh1 Be7 47. h6 Bf6 48. Qg6+ Ke7 49. h7 Bc3 50. Qg5+ Kd6
51. Qg3+ Be5 52. Qxe5+ Kxe5 53. h8=Q+ Kd5 54. Qb8 Kc6 55. Qxa7 Kb5 56. Qa4+ Kc5
57. Kh2 Kd6 58. g4 Ke5 59. Kg3 Kd6 60. Qc4 Ke5 61. a4 Kd6 62. a5 Ke5 63. a6 Kd6
64. a7 Ke5 65. b4 Kf6 66. b5 {Time forfeit} 1-0

[Event "Rated Blitz game"]
[Site "?"]
[Date "2021.04.15"]
[Round "?"]
[White "Horween"]
[Black "sebsep"]
[Result "0-1"]
[WhiteElo "2336"]
[BlackElo "2446"]
[PlyCount "58"]
[EventDate "2021.??.??"]
[EventType "blitz"]
[TimeControl "180"]

1. e4 e5 2. Nf3 Nc6 3. Nc3 Nf6 4. Nxe5 Nxe5 5. d4 Ng6 6. e5 Ng8 7. Bc4 d6 8.
Qf3 Be6 9. Qxb7 N8e7 10. Bb5+ c6 11. Bxc6+ Nxc6 12. Qxc6+ Bd7 13. Qd5 dxe5 14.
dxe5 Be6 15. Qc6+ Bd7 16. Qd5 Bb4 17. O-O O-O 18. Rd1 Be6 19. Qe4 Qh4 20. Qxh4
Nxh4 21. Ne4 Rfd8 22. Bg5 Rxd1+ 23. Rxd1 Ng6 24. f4 h6 25. Rd8+ Rxd8 26. Bxd8
Nxf4 27. c3 Bf8 28. g3 Nd3 29. b3 Nxe5 {Normal} 0-1

[Event "Rated Rapid game"]
[Site "?"]
[Date "2021.04.15"]
[Round "?"]
[White "brunosten"]
[Black "EMrahaC"]
[Result "1-0"]
[WhiteElo "2502"]
[BlackElo "2403"]
[PlyCount "89"]
[EventDate "2021.??.??"]
[EventType "rapid"]
[TimeControl "600"]

1. e4 e5 2. Nf3 Nf6 3. Nc3 Nc6 4. Nxe5 Nxe5 5. d4 Ng6 6. e5 Ng8 7. Bc4 Bb4 8.
Qf3 d5 9. Bxd5 Be6 10. Bxb7 Rb8 11. Bc6+ Kf8 12. a3 Bxc3+ 13. bxc3 N8e7 14. Be4
Bd5 15. O-O Bxe4 16. Qxe4 Qd5 17. Qd3 c5 18. f4 cxd4 19. cxd4 Rc8 20. g3 f5 21.
exf6 Nf5 22. fxg7+ Kxg7 23. Bb2 h5 24. Rfe1 Nxf4 25. gxf4 Kf6 26. Kf2 Rhg8 27.
Rg1 Nh4 28. Raf1 Rg2+ 29. Rxg2 Qxg2+ 30. Ke1 Rxc2 31. d5+ Rxb2 32. Qc3+ Kf5 33.
Qe5+ Kg4 34. Qe6+ Nf5 35. Qg6+ Kh3 36. Qxf5+ Qg4 37. Qxg4+ hxg4 38. f5 Rb1+ 39.
Ke2 Rxf1 40. Kxf1 Kxh2 41. f6 g3 42. f7 g2+ 43. Ke2 g1=Q 44. f8=Q Qg2+ 45. Qf2
{Normal} 1-0

[Event "Rated Rapid game"]
[Site "?"]
[Date "2021.04.15"]
[Round "?"]
[White "EMrahaC"]
[Black "TTV_ItsExalted"]
[Result "0-1"]
[WhiteElo "2395"]
[BlackElo "2501"]
[PlyCount "30"]
[EventDate "2021.??.??"]
[EventType "rapid"]
[TimeControl "600"]

1. e4 e5 2. Nf3 Nf6 3. Nc3 Nc6 4. Nxe5 Bc5 5. Nxc6 dxc6 6. Be2 h5 7. h3 Qd4 8.
O-O Nxe4 9. Nxe4 Qxe4 10. Bxh5 Qh4 11. Qe2+ Kf8 12. Re1 Bxh3 13. gxh3 Qg3+ 14.
Kf1 Qxh3+ 15. Kg1 Rxh5 {Normal} 0-1

[Event "Rated Blitz game"]
[Site "?"]
[Date "2021.04.15"]
[Round "?"]
[White "xenta_absenta"]
[Black "dmjjmd"]
[Result "1-0"]
[WhiteElo "2503"]
[BlackElo "2413"]
[PlyCount "93"]
[EventDate "2021.??.??"]
[EventType "blitz"]
[TimeControl "180"]

1. e4 e5 2. Nf3 Nc6 3. Nc3 Nf6 4. Nxe5 Nxe5 5. d4 Nc6 6. d5 Bb4 7. dxc6 bxc6 8.
Bd3 d5 9. exd5 cxd5 10. O-O O-O 11. h3 c6 12. Qf3 h6 13. Ne2 Rb8 14. c4 d4 15.
Ng3 Bd6 16. Nf5 Bxf5 17. Qxf5 Qd7 18. Qf3 c5 19. Bxh6 Rxb2 20. Bg5 Bc7 21. Bxf6
Qd6 22. g3 Qxf6 23. Qxf6 gxf6 24. Rfe1 Be5 25. Reb1 Rfb8 26. Kg2 Kg7 27. Kf3 a5
28. a4 R8b3 29. Ke4 Rxb1 30. Rxb1 Ra3 31. Rb5 Rxa4 32. Rxc5 Ra2 33. f4 Bd6 34.
Rd5 Bb4 35. Rb5 Bf8 36. c5 a4 37. c6 Bd6 38. Kd5 Bc7 39. Rb7 Ra3 40. Kxd4 Bd6
41. c7 Bxc7 42. Rxc7 Ra1 43. Bc4 a3 44. Rxf7+ Kg6 45. Ra7 Rd1+ 46. Bd3+ Kh6 47.
Rh7# {Normal} 1-0

[Event "Rated Blitz game"]
[Site "?"]
[Date "2021.04.14"]
[Round "?"]
[White "iron_bob"]
[Black "Chesscoathxm"]
[Result "1-0"]
[WhiteElo "2496"]
[BlackElo "2204"]
[PlyCount "33"]
[EventDate "2021.??.??"]
[EventType "blitz"]
[TimeControl "180+2"]

1. e4 e5 2. Nf3 Nc6 3. Nc3 Nf6 4. Nxe5 Nxe5 5. d4 Ng6 6. e5 Ng8 7. Bc4 d5 8.
exd6 Bxd6 9. Qf3 Nf6 10. Bg5 O-O 11. Nd5 Re8+ 12. Kd2 Bg4 13. Qb3 h6 14. Nxf6+
gxf6 15. Bxf7+ Kh7 16. Bxe8 hxg5 17. Qf7+ {Normal} 1-0

[Event "Titled Tuesday 13th Apr"]
[Site "chess.com INT"]
[Date "2021.04.13"]
[Round "9"]
[White "Mikhailovsky, Vladimir"]
[Black "Barp, Alberto"]
[Result "1-0"]
[WhiteElo "2216"]
[BlackElo "2363"]
[PlyCount "89"]
[EventDate "2021.04.13"]

1. e4 e5 2. Nf3 Nc6 3. Nc3 Nf6 4. Nxe5 Nxe5 5. d4 Ng6 6. e5 Ng8 7. Bc4 d6 8.
Qf3 Qd7 9. O-O Qf5 10. Bb5+ Kd8 11. Qd1 c6 12. Bd3 Qg4 13. Be2 Qf5 14. f4 Nh6
15. Bd3 Qg4 16. Be2 Qf5 17. h3 Qd7 18. Ne4 d5 19. Ng5 f6 20. f5 Nxf5 21. e6 Qe8
22. Nf7+ Kc7 23. Nxh8 Bxe6 24. Nxg6 hxg6 25. Bf4+ Bd6 26. Qd2 g5 27. Bxd6+ Nxd6
28. Bd3 Qd7 29. Rae1 Re8 30. c3 Kc8 31. Bg6 Re7 32. Re2 f5 33. Qxg5 Ne4 34. Qf4
b6 35. Bxf5 Bxf5 36. Qxf5 Kc7 37. Qxd7+ Kxd7 38. Re3 c5 39. Rd1 Kd6 40. g4 g5
41. Kg2 Rf7 42. dxc5+ Kxc5 43. Rf3 Re7 44. Rf5 Nd6 45. Rfxd5+ 1-0

[Event "Rated Blitz game"]
[Site "?"]
[Date "2021.04.13"]
[Round "?"]
[White "brunosten"]
[Black "HighPingAbuser"]
[Result "0-1"]
[WhiteElo "2462"]
[BlackElo "2368"]
[PlyCount "44"]
[EventDate "2021.??.??"]
[EventType "blitz"]
[TimeControl "180"]

1. e4 e5 2. Nf3 Nc6 3. Nc3 Nf6 4. Nxe5 Nxe5 5. d4 Ng6 6. e5 Ng8 7. Bc4 Bb4 8.
Qf3 Qe7 9. O-O Bxc3 10. bxc3 Nh6 11. Bxh6 gxh6 12. Rfe1 O-O 13. g3 d6 14. exd6
Qxd6 15. Qh5 Kg7 16. Re4 Be6 17. Bd3 Bd5 18. Rg4 Rae8 19. f4 Qe7 20. Qe5+ Qxe5
21. fxe5 Bf3 22. Rh4 Nxh4 {Normal} 0-1

[Event "Rated Blitz tournament 1mRlOVH8"]
[Site "?"]
[Date "2021.04.13"]
[Round "?"]
[White "SureDo"]
[Black "d1rector"]
[Result "1/2-1/2"]
[WhiteElo "2357"]
[BlackElo "2608"]
[PlyCount "160"]
[EventDate "2021.??.??"]
[EventType "blitz"]
[TimeControl "180+2"]

1. e4 e5 2. Nf3 Nc6 3. Nc3 Nf6 4. Nxe5 Nxe5 5. d4 Nc6 6. e5 d6 7. exf6 Qxf6 8.
Nd5 Qd8 9. Be2 g6 10. Be3 Bg7 11. h4 h6 12. Qd2 Ne7 13. Nxe7 Qxe7 14. h5 g5 15.
O-O O-O 16. Rae1 Bd7 17. Bf3 c6 18. Bf4 Qf6 19. Be3 Rae8 20. c3 g4 21. Bd1 Qh4
22. Bxh6 Qxh5 23. Bf4 Bf6 24. Bxd6 Kg7 25. Bxf8+ Rxf8 26. Qf4 Rh8 27. f3 Bg5
28. Qg3 Bh4 29. fxg4 Qh6 30. Qe3 Bxe1 31. Qxh6+ Rxh6 32. Rxe1 Rg6 33. Re7 Rd6
34. Bf3 Kf6 35. Re5 Be6 36. g5+ Kg7 37. b4 b6 38. a3 Bc4 39. Kf2 Be6 40. Ke3
Bc4 41. Kf4 Be6 42. Be4 Bd7 43. g4 Be6 44. Bf5 Bd5 45. Be4 Be6 46. a4 Bd7 47.
a5 Be6 48. axb6 axb6 49. Bf5 Bd5 50. Be4 Be6 51. Ke3 Bxg4 52. Bf3 Be6 53. Kf4
Bd7 54. Ke3 Be6 55. b5 cxb5 56. Rxb5 Bc4 57. Rb4 b5 58. Be2 Bxe2 59. Kxe2 Rd5
60. Kd3 Rxg5 61. c4 Rg3+ 62. Ke4 bxc4 63. Rxc4 Rg4+ 64. Kf5 Rg1 65. Rc6 Rf1+
66. Kg5 Re1 67. Kf5 Rf1+ 68. Kg5 Rd1 69. Rd6 Kf8 70. Kf6 Rf1+ 71. Ke5 Ke7 72.
Ra6 Re1+ 73. Kf5 Rd1 74. Ra7+ Kf8 75. Ra8+ Kg7 76. Ke5 Re1+ 77. Kf5 Rf1+ 78.
Ke5 Re1+ 79. Kf5 Rf1+ 80. Ke5 Re1+ {Normal} 1/2-1/2